|
|
|
|
| LEADER |
00000cam a2200000 a 4500 |
| 001 |
vtls008328137 |
| 003 |
SK-MaSNL |
| 005 |
20260331204735.0 |
| 008 |
230501s1973 xo frb n 001 1 slo |
| 015 |
|
|
|a SNBA1974/02-00594
|
| 015 |
|
|
|a SNBSAB1973
|
| 020 |
|
|
|q (brožované!
|
| 035 |
|
|
|a SK01SNK19740020354
|
| 035 |
|
|
|a FE47292B-0AC1-4A3D-8D36-E5BDFF20C0B2
|
| 035 |
|
|
|a urn:nbn:sk:snk-am00gmwx
|
| 035 |
|
|
|a SKM000022817
|
| 040 |
|
|
|a SNK
|b slo
|c SNK
|e AACR2
|
| 041 |
0 |
|
|a slo
|
| 043 |
|
|
|a e-xo---
|
| 044 |
|
|
|a xo
|c SK
|
| 072 |
|
7 |
|a 821.162.1.09
|x Poľská literatúra (o nej)
|2 konspekt
|
| 072 |
|
7 |
|a 01
|x Bibliografia. Katalógy
|2 konspekt
|
| 080 |
|
|
|a 82.035:884:016=854
|2 1981
|
| 080 |
|
|
|a 884.035:016
|2 1981
|
| 080 |
|
|
|a 82:016
|2 1981
|
| 080 |
|
|
|a 016
|2 1981
|
| 080 |
|
|
|a 821.162.1
|2 2011
|
| 080 |
|
|
|a (01)-048.58
|2 2011
|
| 080 |
|
|
|a (437.6)
|2 2011
|
| 080 |
|
|
|a 811.162.4'25
|2 2011
|
| 100 |
1 |
|
|a Fircáková, Kamila,
|d 1941-
|4 com
|4 aui
|9 214522
|
| 245 |
1 |
0 |
|a Poľská literatúra na Slovensku 1945-1971
|b [bibliografia prekladov]
|c zostavila a úvod napísala Kamila Fircáková
|
| 250 |
|
|
|a 1. vyd.
|
| 260 |
|
|
|a Bratislava
|b Alfa
|c 1973
|e Bratislava
|f Západoslovenské tlačiarne 42
|
| 300 |
|
|
|a 149 strán
|c 8°
|
| 500 |
|
|
|a Vydalo Slovenské ústredie knižnej kultúry, Univerzitná knižnica, Bratislava
|
| 504 |
|
|
|a Obsahuje zoznam excerpovaných prameňov a register
|
| 521 |
|
|
|a Účelová publikácia
|
| 648 |
|
7 |
|a 1945-1971
|2 SNKPH
|9 283955
|
| 650 |
0 |
7 |
|a poľská literatúra
|2 SNKPH
|9 1201
|
| 650 |
0 |
7 |
|a preklady do slovenčiny
|2 SNKPH
|9 59836
|
| 651 |
|
7 |
|a Slovensko
|2 SNKPHgeo
|9 14231
|
| 655 |
|
7 |
|a výberové bibliografie
|2 SNKPH
|9 70561
|
| 710 |
2 |
|
|a Univerzitná knižnica v Bratislave.
|b Slovenské ústredie knižnej kultúry
|4 pbl
|9 216777
|
| 852 |
|
|
|a Slovenská národná knižnica
|
| 954 |
|
|
|a odborná, vedecká literatúra pôvodná (slovenská)
|2 lita
|
| 958 |
|
|
|a RK
|
| 958 |
|
|
|a RM
|
| 958 |
|
|
|a SF
|
| 958 |
|
|
|a PL
|
| 958 |
|
|
|a LX
|
| 958 |
|
|
|a OND
|
| 958 |
|
|
|a EUIPO
|
| 999 |
|
|
|c 1103926
|d 1105856
|
| 952 |
|
|
|a SNK
|b SNK
|y PREZ
|7 0
|p 17A0974124
|o snkSC 32870
|i snkKSP 1234/74
|0 0
|1 0
|4 0
|d 2012-09-27
|f 1
|l 0
|r 2025-09-30 00:00:00
|w 2026-02-24
|
| 952 |
|
|
|a SNK
|b SNK
|y VYP
|7 0
|p 17A0129582
|o snkSC 32870 D1
|0 0
|1 0
|4 0
|d 1998-03-19
|l 0
|r 2005-01-02 00:00:00
|w 2026-02-24
|
| 952 |
|
|
|t snkPOL/1 82.035(016)
|a SNKUST
|b SNKUST
|y PREZ
|7 0
|p 17A0096991
|o snkPOL/1 82.035(016)
|i snkOKIS
|0 0
|1 0
|4 0
|d 1998-03-20
|l 0
|r 2025-04-28 00:00:00
|w 2026-02-24
|